Statistiques concernant Qui suis-je ? Football 2023 #5

Cliquez ici pour prendre le quiz!

Statistiques générales

  • Ce quiz a été pris 638 fois
  • Le résultat moyen est 5 sur 8

Statistiques - réponses

Réponse% Correct
Camavinga
99%
Kean
69%
Musiala
65%
Caqueret
61%
Tavares
58%
De Ketelaere
42%
Moukoko
36%
Vieira
34%

Distribution des résultats

Percentile par nombre de réponses

% des personnes avec chaque résultat

Votre développement - résultats

Vous n’avez pas pris ce quiz